| 000 | 01743cam a22003734a 4500 | ||
|---|---|---|---|
| 001 | 15037078 | ||
| 005 | 20080424144601.0 | ||
| 008 | 071009s2008 enka b 001 0 eng | ||
| 010 | _a2007041377 | ||
| 020 | _a9780521885294 (hardback) | ||
| 020 | _a0521885299 (hardback) | ||
| 020 | _a9780521712446 (pbk.) | ||
| 020 | _a0521712440 (pbk.) | ||
| 035 | _a(OCoLC)ocn174134106 | ||
| 035 | _a(OCoLC)174134106 | ||
| 040 |
_aDLC _cDLC _dBTCTA _dBAKER _dYDXCP _dC#P _dDLC |
||
| 050 | 0 | 0 |
_aJF1525.C74 _bG68 2008 |
| 082 | 0 | 0 |
_a353.95 _222 _bGOV |
| 245 | 0 | 0 |
_aGoverning After Crisis : _bThe Politics of Investigation, Accountability and Learning / _cedited by Arjen Boin, Allan McConnell, Paul 't Hart. |
| 260 |
_aCambridge ; _aNew York : _bCambridge University Press, _c2008. |
||
| 300 |
_axiii, 322 p. : _bill. ; _c23 cm. |
||
| 504 | _aIncludes bibliographical references and index. | ||
| 650 | 0 |
_aCrisis management in government. _93695 |
|
| 650 | 0 |
_aPolitical leadership. _93696 |
|
| 700 | 1 |
_aBoin, Arjen. _93697 |
|
| 700 | 1 |
_aMcConnell, Allan, _d1957- _93698 |
|
| 700 | 1 |
_aHart, Paul 't. _93699 |
|
| 856 | 4 | 2 |
_3Contributor biographical information _uhttp://www.loc.gov/catdir/enhancements/fy0805/2007041377-b.html |
| 856 | 4 | 2 |
_3Publisher description _uhttp://www.loc.gov/catdir/enhancements/fy0805/2007041377-d.html |
| 856 | 4 | 1 |
_3Table of contents only _uhttp://www.loc.gov/catdir/enhancements/fy0805/2007041377-t.html |
| 942 |
_2ddc _cBB |
||
| 999 |
_c11302 _d11302 |
||